Spanish in the United States : (Record no. 32505)
[ view plain ]
| 000 -LEADER | |
|---|---|
| fixed length control field | 00757nam a22002177a 4500 |
| 008 - FIXED-LENGTH DATA ELEMENTS--GENERAL INFORMATION | |
| fixed length control field | 120809t nyu||||| |||| 00| 0 eng d |
| 020 ## - INTERNATIONAL STANDARD BOOK NUMBER | |
| International Standard Book Number | 3110165724 |
| 050 04 - LIBRARY OF CONGRESS CALL NUMBER | |
| Classification number | PC4826 |
| Item number | A42 1993 |
| 245 00 - TITLE STATEMENT | |
| Title | Spanish in the United States : |
| Remainder of title | linguistic contact and diversity / |
| Statement of responsibility, etc | Edited by Ana Roca and John M. Lipski |
| 250 ## - EDITION STATEMENT | |
| Edition statement | 1a ed. |
| 260 ## - PUBLICATION, DISTRIBUTION, ETC. (IMPRINT) | |
| Place of publication, distribution, etc | Berlin ; New York : |
| Name of publisher, distributor, etc | Mouton de Gruyter, |
| Date of publication, distribution, etc | 1982 |
| 300 ## - PHYSICAL DESCRIPTION | |
| Extent | viii, 212 p. : |
| Other physical details | il. ; |
| Dimensions | 23 cm. |
| 440 #0 - SERIES STATEMENT/ADDED ENTRY--TITLE | |
| Title | Studies in Antropological Lingustics ; |
| Volume number/sequential designation | 6 |
| 504 ## - BIBLIOGRAPHY, ETC. NOTE | |
| Bibliography, etc | Incluye referencias bibliograficas e índice |
| 650 #4 - SUBJECT ADDED ENTRY--TOPICAL TERM | |
| Topical term or geographic name as entry element | Lenguaje Español |
| 650 #4 - SUBJECT ADDED ENTRY--TOPICAL TERM | |
| Topical term or geographic name as entry element | Aspectos Sociales |
| Geographic subdivision | Estados Unidos |
| 650 #4 - SUBJECT ADDED ENTRY--TOPICAL TERM | |
| Topical term or geographic name as entry element | Bilingïismo |
| 700 1# - ADDED ENTRY--PERSONAL NAME | |
| Personal name | Roca, Ana, |
| Fuller form of name | ed. |
| 700 1# - ADDED ENTRY--PERSONAL NAME | |
| Personal name | Lipski, John M., |
| Fuller form of name | ed. |
| 942 ## - ADDED ENTRY ELEMENTS (KOHA) | |
| Source of classification or shelving scheme | Biblioteca del Cogreso de los Estados Unidos |
| Koha item type | Libro |
| Estado de pérdida | Fuente de clasificación | Estado del daño | No para préstamo | Ubicación permanente | Ubicación actual | Apartado o colección | Fecha de adquisición | Fuente de adquisición | Enumeración de Serie / Cronológica | Área del conocimiento | Clasificación | Código de Barras | Date last seen | Número de copia | Tipo de recurso | Nota pública |
|---|---|---|---|---|---|---|---|---|---|---|---|---|---|---|---|---|
| Biblioteca del Cogreso de los Estados Unidos | Biblioteca de la Facultad de Letras | Biblioteca de la Facultad de Letras | General | 09/08/2012 | LLH0000001651 | PC4826 A42 1993 | LLH0000001651 | 09/08/2012 | C.1 | Libro | General |